Escitas y Osetas: mitología y sociedad

Gorde:
Xehetasun bibliografikoak
Egile nagusia: Dumézil, Georges (Egilea)
Formatua: Liburua
Hizkuntza:gaztelania
Argitaratua: Ciudad de México Fondo de Cultura Economica 1989
Gaiak:
Etiketak: Etiketa erantsi
Etiketarik gabe, Izan zaitez lehena erregistro honi etiketa jartzen!

MARC

LEADER 00000nam a2200000 a 4500
001 UCY5912
003 CL-VaPUC
008 950521e19890000MX |||||||||||||||||spa|d
082 0 4 |a 291.13  |b DUM  |2 21 
100 0 |a Dumézil, Georges  |e author  |9 335332 
245 1 0 |a Escitas y Osetas: mitología y sociedad 
300 |a 366 p 
942 |c BK 
945 |d 19950521 00:00:00  |a aalvarez 
260 |a Ciudad de México  |b Fondo de Cultura Economica  |c 1989 
650 7 |a ESCITAS  |2 CL-VaPUC  |9 335333 
650 7 |a OSETAS  |2 CL-VaPUC  |9 335334 
650 7 |a RELIGIONES PRIMITIVAS  |2 CL-VaPUC  |9 335335 
650 0 |a Mitología   |9 255719 
583 |a last modification  |c 19950521 00:00:00  |k Rodrigo Vera 
999 |c 233513  |d 233511 
952 |0 0  |1 0  |4 0  |6 291_130000000000000_DUM_1989  |7 0  |8 A  |9 239092  |a BIBHIS  |b BIBHIS  |d 2019-11-18  |i 3085236  |o 291.13 DUM 1989  |p 3085236  |r 2025-01-20  |w 2019-11-18  |y BK  |k HIS